[Event "TUR Cup"]
[Site "Antalya"]
[Date "2020.01.30"]
[Round "8"]
[White "Kalinoglu, Yagiz"]
[Black "Yilmaz, Serkan"]
[Result "1-0"]
[WhiteElo "1304"]
[BlackElo "1602"]
[PlyCount "75"]
[EventDate "2020.01.26"]
[EventType "swiss"]
[EventRounds "11"]
[EventCountry "TUR"]
[SourceTitle "CBM 194 Extra"]
[Source "ChessBase"]
[SourceDate "2020.03.31"]
[SourceVersion "1"]
[SourceVersionDate "2020.03.31"]
[SourceQuality "1"]

1. e4 c5 2. Nf3 d6 3. Bb5+ Bd7 4. Bxd7+ Nxd7 5. 0-0 Ngf6 6. Qe2 Qc7 7. c4 e6 8. Nc3 a6 9. a4 Be7 10. d4 cxd4 11. Nxd4 0-0 12. b3 Rac8 13. Bb2 Rfd8 14. Rfd1 Nf8 15. Rac1 Ng6 16. Ba3 Qa5 17. Qf3 Qg5 18. Qg3 Qxg3 19. hxg3 Rd7 20. Rc2 Ng4 21. Rcd2 Rcd8 22. Nf3 N4e5 23. Nxe5 Nxe5 24. f4 Nc6 25. e5 d5 26. Bxe7 Nxe7 27. g4 g6 28. Ne4 Rc7 29. c5 Nc6 30. Nd6 Nb4 31. Rd4 Nc2 32. R4d3 Rdd7 33. Rc1 Rxc5 34. b4 Rc6 35. b5 axb5 36. axb5 Rc5 37. Ne4 Rc4 38. Nf6+ 1-0

[Event "TUR Cup"]
[Site "Antalya"]
[Date "2020.01.29"]
[Round "5"]
[White "Eryigit, Cengiz"]
[Black "Kalinoglu, Yagiz"]
[Result "0-1"]
[WhiteElo "1126"]
[BlackElo "1304"]
[PlyCount "91"]
[EventDate "2020.01.26"]
[EventType "swiss"]
[EventRounds "11"]
[EventCountry "TUR"]
[SourceTitle "CBM 194 Extra"]
[Source "ChessBase"]
[SourceDate "2020.03.31"]
[SourceVersion "1"]
[SourceVersionDate "2020.03.31"]
[SourceQuality "1"]

1. e4 e5 2. f4 d5 3. Qh5 exf4 4. exd5 Nf6 5. Qe5+ Be7 6. Nc3 0-0 7. h3 Re8 8. Be2 Bd6 9. Qg5 Qe7 10. d4 h6 11. Qh4 Nxd5 12. Qxe7 Nxe7 13. Nf3 Nf5 14. Ne5 Nxd4 15. 0-0 Bxe5 16. Bd3 Ne6 17. Nd5 c6 18. Nxf4 Nxf4 19. Bxf4 Bxf4 20. Rxf4 Be6 21. Re1 Nd7 22. Re3 Bd5 23. Rg3 Nc5 24. Bf5 Be6 25. Bxe6 Rxe6 26. h4 Rd8 27. h5 Ne4 28. Re3 Ng5 29. Rb3 b6 30. a4 Rd2 31. c4 Ree2 32. Rg3 Rxb2 33. Rd4 Re1+ 34. Kh2 Rbb1 35. Rxg5 hxg5 36. Rg4 f6 37. Rd4 Rb4 38. a5 bxa5 39. Rd8+ Kh7 40. Ra8 a4 41. Rxa7 Rxc4 42. Kh3 Re3+ 43. g3 a3 44. h6 Kxh6 45. Rb7 a2 46. Rb6 0-1

[Event "TUR Cup"]
[Site "Antalya"]
[Date "2020.01.29"]
[Round "6"]
[White "Kalinoglu, Yagiz"]
[Black "Durucay, Uygar"]
[Result "1-0"]
[WhiteElo "1304"]
[BlackElo "1544"]
[PlyCount "113"]
[EventDate "2020.01.26"]
[EventType "swiss"]
[EventRounds "11"]
[EventCountry "TUR"]
[SourceTitle "CBM 194 Extra"]
[Source "ChessBase"]
[SourceDate "2020.03.31"]
[SourceVersion "1"]
[SourceVersionDate "2020.03.31"]
[SourceQuality "1"]

1. e4 c5 2. Nf3 e6 3. g3 d5 4. exd5 exd5 5. d4 Nf6 6. Bg2 Be7 7. 0-0 cxd4 8. Nxd4 Nc6 9. h3 0-0 10. Be3 a6 11. c3 Bd7 12. a4 Qc7 13. Nd2 Rfe8 14. N2b3 Bd6 15. Re1 Rad8 16. Qc2 Ne4 17. Rad1 Ne5 18. Ne2 Nc4 19. Bf4 Bxa4 20. Bxd6 Nexd6 21. Ra1 b5 22. Ned4 Na5 23. Rxe8+ Nxe8 24. Rxa4 bxa4 25. Nxa5 Qxa5 26. Nc6 Qb6 27. Nxd8 Qxd8 28. Qxa4 Nc7 29. Qd4 Qb8 30. Bxd5 Qxb2 31. Bxf7+ Kxf7 32. Qd7+ Kf6 33. Qxc7 Qb1+ 34. Kh2 Qc2 35. Qb6+ Ke7 36. Qd4 g6 37. Kg2 Qb3 38. Qa7+ Kf8 39. Qxh7 Qxc3 40. Qxg6 a5 41. Qd6+ Kf7 42. Qd7+ Kg6 43. h4 Qb4 44. Qe6+ Kg7 45. h5 a4 46. Qg6+ Kh8 47. Qh6+ Kg8 48. Qe6+ Kh8 49. Qe8+ Kh7 50. Qf7+ Kh8 51. Qf6+ Kh7 52. Qf7+ Kh8 53. Qa7 a3 54. h6 Qb2 55. Qf7 Qb4 56. Qf6+ Kh7 57. Qg7# 1-0

[Event "TUR Cup"]
[Site "Antalya"]
[Date "2020.01.28"]
[Round "4"]
[White "Kalinoglu, Yagiz"]
[Black "Satiroglu, Kaan"]
[Result "0-1"]
[WhiteElo "1304"]
[BlackElo "1640"]
[PlyCount "106"]
[EventDate "2020.01.26"]
[EventType "swiss"]
[EventRounds "11"]
[EventCountry "TUR"]
[SourceTitle "CBM 194 Extra"]
[Source "ChessBase"]
[SourceDate "2020.03.31"]
[SourceVersion "1"]
[SourceVersionDate "2020.03.31"]
[SourceQuality "1"]

1. e4 c5 2. Nf3 Nc6 3. Bb5 g6 4. Bxc6 dxc6 5. h3 Bg7 6. d3 Qc7 7. 0-0 e5 8. Be3 b6 9. Nbd2 Ne7 10. Nh2 f5 11. f3 f4 12. Bf2 g5 13. Nb3 Be6 14. Qe2 h5 15. Rfd1 Rd8 16. Rd2 Kf7 17. Rad1 Rd6 18. Nc1 g4 19. fxg4 hxg4 20. Nxg4 Bxg4 21. Qxg4 Rg6 22. Qf3 Qc8 23. Kf1 Bf6 24. c3 Qa6 25. Ne2 Qxa2 26. d4 cxd4 27. cxd4 Rd8 28. Qc3 Qe6 29. dxe5 Rxd2 30. Rxd2 Bxe5 31. Bd4 Bxd4 32. Qxd4 c5 33. Qd3 Rf6 34. Qf3 Ng6 35. Rd5 Kg7 36. Nc3 Rf7 37. Qg4 Qxg4 38. hxg4 Re7 39. Kf2 Ne5 40. Ke2 Kg6 41. Rd6+ Kg5 42. Nd5 Rf7 43. Re6 Nxg4 44. Re7 Rxe7 45. Nxe7 Ne5 46. Nc8 Kg4 47. Nxa7 Kg3 48. Kf1 Nc4 49. Nc8 Ne3+ 50. Kg1 Nxg2 51. Nxb6 f3 52. Nc4 f2+ 53. Kf1 Ne1 0-1

[Event "TUR Cup"]
[Site "Antalya"]
[Date "2019.01.27"]
[Round "1"]
[White "Kalinoglu, Yagiz"]
[Black "Eke, Salih"]
[Result "0-1"]
[WhiteElo "1253"]
[BlackElo "1801"]
[PlyCount "68"]
[EventDate "2019.01.27"]
[EventType "swiss"]
[EventRounds "11"]
[EventCountry "TUR"]
[SourceTitle "CBM 188 Extra"]
[Source "ChessBase"]
[SourceDate "2019.02.26"]
[SourceVersion "1"]
[SourceVersionDate "2019.02.26"]
[SourceQuality "1"]

1. e4 c5 2. Nf3 Nc6 3. Bb5 d6 4. 0-0 Bd7 5. h3 Nf6 6. Re1 Ne5 7. Bxd7+ Nfxd7 8. Nxe5 dxe5 9. d3 e6 10. a4 Be7 11. c3 0-0 12. d4 exd4 13. cxd4 cxd4 14. Qxd4 Bf6 15. Qd1 Ne5 16. Nc3 Nd3 17. Re2 Nxc1 18. Rxc1 Qa5 19. Qb3 Qh5 20. Rec2 b6 21. Nb5 a6 22. Nc7 Rad8 23. Rc6 Rd2 24. R6c2 Rd1+ 25. Kh2 Rfd8 26. Nxa6 h6 27. Rxd1 Be5+ 28. g3 Qxd1 29. Qxb6 Rd3 30. Qc6 Qf3 31. Qe8+ Kh7 32. Rc1 Bxg3+ 33. fxg3 Rd2+ 34. Kg1 Qg2# 0-1